Hodnotenie výkonnosti vybraného podniku diagnostickými metódami

Podniková diagnostika a jej metódy. Charakteristika objektu skúmania a dosiahnuté výsledky. Výsledky krátkodobej multikriteriálnej analýzy výkonnosti podniku získané aplikáciou metódy váženého súčtu poradí. Výsledky krátkodobej multikriteriálnej analýzy výkonnosti podniku získané aplikáciou metódy v...

Descrizione completa

Salvato in:
Dettagli Bibliografici
Autore principale: Hutera, Milan
Natura: Capitolo di libro
Lingua:slovacco
Soggetti:
Tags: Aggiungi Tag
Nessun Tag, puoi essere il primo ad aggiungerne!!

MARC

LEADER 00000naa$a2200000$$$4500
001 0172032
005 20240502072941.5
041 0 |a slo 
044 |a SK 
245 1 0 |a Hodnotenie výkonnosti vybraného podniku diagnostickými metódami  |c Milan Hutera 
520 |a Podniková diagnostika a jej metódy. Charakteristika objektu skúmania a dosiahnuté výsledky. Výsledky krátkodobej multikriteriálnej analýzy výkonnosti podniku získané aplikáciou metódy váženého súčtu poradí. Výsledky krátkodobej multikriteriálnej analýzy výkonnosti podniku získané aplikáciou metódy vzdialenosti fiktívneho variantu. 
610 2 0 |a diagnostika podniková 
610 2 0 |a výkonnosť podniku 
610 2 0 |a analýzy 
100 1 |a Hutera, Milan